000 00764nam a2200217Ia 4500
003 GCL
008 140319s9999 xx 000 0 ara d
040 _aGCL /
_cGCL
082 0 4 _a301.32
_bو م \\=aوزارة السكانv
245 1 0 _aالمجلس القومى للسكان فى 10 سنوات التاريخ والرسالة والانجار 1985 - 1995
300 _a142 ص
490 _aالهيئة العامة للاستعلامات
_v0
650 0 4 _aالسكان
650 0 4 _aالسكان - علم
650 0 4 _aالانفجار السكانى
650 0 4 _aتنظيم الاسرة
650 0 4 _aتعداد السكان
650 0 4 _aالاحصائيات الحيوية
650 0 4 _aالمجلس القومى للسكان
942 _2ddc
_cBK
999 _c52205
_d52205